000
00338nam a2200145Ia 4500
008
210210b1933 xxu||||| |||| 00| 0 eng d
041
_a
eng
082
_a
874/33
100
_a
VASUDEVAN MOOSAD (K)
245
_a
Sahithyapulakam
260
_a
_b
-
_c
1933
650
_a
Sahithyapulakam
690
_a
Malayalam Criticism
906
_a
002617
999
_c
124587
_d
124587